Central Library OPAC University of Rajshahi

Roman political institutions : (Record no. 24356)

MARC details
000 -LEADER
fixed length control field 00902nam a2200253 a 4500
001 - CONTROL NUMBER
control field 24356
003 - CONTROL NUMBER IDENTIFIER
rucl marc code UkOxU
005 - DATE AND TIME OF LATEST TRANSACTION
control field 20211209001036.0
008 - FIXED-LENGTH DATA ELEMENTS--GENERAL INFORMATION
fixed length control field 140313s1962 enk 000 0 eng d
035 ## - SYSTEM CONTROL NUMBER
System control number (BD-RjUL) 24422
040 ## - CATALOGING SOURCE
Original cataloging agency BD-RjUL
Language of cataloging eng
Transcribing agency BD-RjUL
041 1# - LANGUAGE CODE
Language code of text/sound track or separate title engund
082 00 - DEWEY DECIMAL CLASSIFICATION NUMBER
Classification number 937.1
Author mark and year HOR 1962
100 1# - MAIN ENTRY--PERSONAL NAME
Personal name Homo, Léon,
Dates associated with a name 1872-1957.
9 (RLIN) 74985
245 10 - TITLE STATEMENT
Title Roman political institutions :
Remainder of title from city to state /
Statement of responsibility, etc. by Léon Homo ; [translated by M.R. Dobie]
260 ## - PUBLICATION, DISTRIBUTION, ETC. (IMPRINT)
Place of publication, distribution, etc. London :
Name of publisher, distributor, etc. Routledge & Kegan Paul Ltd,
Date of publication, distribution, etc. c1962
300 ## - PHYSICAL DESCRIPTION
Pagination xviii, 426 p. ;
Size 25 cm.
490 1# - SERIES STATEMENT
Series statement History of civilization (Routledge (Firm))
500 ## - GENERAL NOTE
General note "Translated by M.R. Dobie." - t.p. verso.
504 ## - BIBLIOGRAPHY, ETC. NOTE
Bibliography, etc Bibliography: p. 375-383; supplementary bibliography:p. 405-426.
651 #0 - SUBJECT ADDED ENTRY--GEOGRAPHIC NAME
Geographic name Rome
General subdivision Politics and government.
9 (RLIN) 74986
830 #0 - SERIES ADDED ENTRY--UNIFORM TITLE
Uniform title History of civilization (Routledge (Firm))
942 ## - ADDED ENTRY ELEMENTS (KOHA)
Source of classification or shelving scheme Dewey Decimal Classification
Koha item type Books
Holdings
Lost status Source of classification or shelving scheme Damaged status Not for loan Collection code Permanent Location Current Location Shelving location Date acquired Source of acquisition Cost, normal purchase price Total Checkouts Full call number Date last seen Copy number Koha item type
  Dewey Decimal Classification     Non-fiction Central Library, University of Rajshahi Central Library, University of Rajshahi     Sweet & zeitlinger 50.00   937.1 HOR 1962 13/03/2014 C-2 Books
  Dewey Decimal Classification   Added to bundle Non-fiction Central Library, University of Rajshahi Central Library, University of Rajshahi Reading Room 11/12/1965 Sweet & zeitlinger 50.00   937.1 HOR 1962 13/03/2014 C-1 Books